000 00904nas a2200301 4500
001 BR2011005730
003 BR-BrBNA
005 20231205115712.0
007 ta
008 230509b bl.|||p| |||| 00| 00por d
040 _aBR-BrBNA
_bpor
_cBiblioteca Nacional de Agricultura
041 _a(Pt)
072 _aN20; F02
100 1 _aSantos, A.J.M.
100 1 _aGamero, C.A.
100 1 _aBackes, C.
100 1 _aSalomão, L.C.
100 1 _aBicudo, S.J.
245 1 _aDesempenho de discos de corte de semeadora-adubadora em diferentes quantidades de cobertura vegetal
650 _aMÁQUINA AGRÍCOLA
650 _aSEMEADURA MECÂNICA
650 _aRENDIMENTO
650 _aPLANTIO DIRETO
650 _aPALHA
773 0 _tEnergia na Agricultura (Brazil)
_xISSN 1808-8759
_g(2010), v. 25(4) p. 17-30
_wBR2011005730
909 _a202311
_bLúcia
_c55
_dLúcia Elande
942 _2AGRIS
_n0
_cANA
999 _c215292
_d215292